| 000 | 00711nam a22001817a 4500 | ||
|---|---|---|---|
| 999 |
_c196104 _d196104 |
||
| 005 | 20230710164120.0 | ||
| 010 | _aB-754184-202 CHEN 25.5.23 | ||
| 020 |
_a9788131936535 _c99.00 |
||
| 035 | _aB-754184-202 | ||
| 037 | _bB.Jain Publishers (P) Ltd. | ||
| 082 | _a921 | ||
| 245 | _aMalala Yousafzai / | ||
| 260 |
_aNoida, U.P. _bB.Jain Publishers (P) Ltd. _c202? |
||
| 270 |
_aD-157, Sector 63, Noida _bU.P. _e201307 |
||
| 300 |
_a72p. _bcol.ill _c21cm(pbk) |
||
| 942 |
_2ddc _cCH _mMAL _h921 |
||